Du sens : essais sémiotiques /

Uloženo v:
Podrobná bibliografie
Hlavní autor: Greimas, Algirdas Julien (autor)
Médium: Kniha
Jazyk:španělština
Vydáno: París, Francia : Editions du Seuil, 1970, c1970
Témata:
Tagy: Přidat tag
Žádné tagy, Buďte první, kdo vytvoří štítek k tomuto záznamu!

MARC

LEADER 00000nam^a2200000^a^4500
001 000183691
005 20250521000000.0
009 20260310102048.274
020 |a 2-02-002737-2 
037 |a Acervo ITESO - Biblioteca 
041 |a ESP 
082 |a 411. 3  |b GRE 
100 |a Greimas, Algirdas Julien  |e (autor) 
245 1 0 |a Du sens :  |b essais sémiotiques /  |c A.J. Greimas. 
264 4 |a París, Francia :  |b Editions du Seuil,  |c 1970, c1970 
300 |a 314 p. 
336 |a texto  |b txt  |2 rdacontenido 
337 |a sin mediación  |b n  |2 rdamedio 
338 |a volumen  |b nc  |2 rdasoporte 
649 |a XX 
650 |a Semiótica Estructural 
650 |a Análisis de Contenido 
650 |a Semiótica 
650 |a Lingüística Estructural 
650 |a Lingüística 
910 |a Fondo General 
920 |a Impresos - Libros 
930 |a Colección General 
905 |a 101 
901 |a 0500124033  |b IT1  |c ACC  |u 20250521 
902 |a https://opac.biblio.iteso.mx/vufind/Record/000183691